| 000 | 00361nam a2200133Ia 4500 | ||
|---|---|---|---|
| 008 | 210430s9999 xx 000 0 und d | ||
| 020 | _a978-81-203-1251-7 | ||
| 082 | _a658 D2321 M | ||
| 100 |
_aA.K.Datta _954120 |
||
| 245 |
_aMaterials Management Procedures,Text and Cases 2nd _cA.K.Datta |
||
| 260 |
_aIndia _bPHI _c2009 |
||
| 300 | _a404P | ||
| 942 |
_cBK _2ddc |
||
| 999 |
_c564591 _d564591 |
||